Až ťa raz.../iné./

Bibliographic Details
Main Author: Cardenal, Ernesto, 1925-2020 (Author)
Other Authors: Richter, Milan, 1948- (Translator), Kobáňová, Marta (Translator)
Format: Article
Language:Slovak
Subjects:

MARC

LEADER 00000nab a2200000 a 4500
001 vtls000116880
003 SK-MaSNL
005 20260304234414.0
008 250423c1982 xo 0 slo
015 |a SNBRB19rr/mm-uuuuu 
035 |a CL0126985 
035 |a urn:nbn:sk:snk-abbazm 
035 |a (urnnbn)urn:nbn:sk:snk:ar-006hgk 
035 |a (uuid)39851ef7-905d-454e-96e2-a912940d6bf2 
040 |a SNKBUCL  |b slo  |c SNKBUCL  |e AACR2 
041 0 |a slo 
044 |a xo  |c SK 
080 |a 860 (728.5)-1  |2 1981 
100 1 |a Cardenal, Ernesto,  |d 1925-2020  |4 aut  |9 215367 
245 1 0 |a Až ťa raz.../iné./  |c Ernesto Cardenal ; Milan Richter, Marta Kobáňová 
650 0 7 |a básne o láske  |2 snkbucl  |9 921526 
655 7 |a články z novín a časopisov  |2 snkbucl  |9 267496 
655 7 |a články z odboru literárna veda a krásna literatúra  |2 snkbucl  |9 770045 
700 1 |a Richter, Milan,  |d 1948-  |4 trl  |9 92608 
700 1 |a Kobáňová, Marta  |4 trl  |9 279614 
773 0 |t Revue svetovej literatúry  |g Roč. 18, č. 2 (1982), s. 20 
850 |a Slovenská národná knižnica 
852 |a Slovenská národná knižnica 
958 |a article15 
958 |a RK 
958 |a LX 
958 |a OND 
958 |a EUIPO 
999 |c 3203739  |d 3205669